Statistics for Animals humans have driven to extinction

Click here to take the quiz!

General Stats

  • This quiz has been taken 34 times
  • The average score is 8 of 30

Answer Stats

Last seen or declared extinct Hint Answer % Correct
1662A turkey-sized flightless bird of Mauritius, first recorded in 1598 by Dutch settlers. By 1662 it was hunted to extinction.Dodo
87%
5,000 B.C.Some evidence suggests humans hunted the last of this already dying species of large elephant-like animal to virtual extinctionWoolly Mammoth
68%
1400sA tall wingless bird species of New Zealand, believed to have been hunted to extinction within 100 years of the arrival of Maori settlers.Moa
58%
2012This large species of reptile was discovered in 1877 in the Galapagos, and thought to have gone extinct within 30 years due to hunting. In 1971 that the last one on earth was discovered, and was nicknamed Lonesome George.Pinta Island Tortoise
58%
1936A carnivorous marsupial of Australia, brought to extinction due to a combination of hunting, exposure to disease, and competition from dogs.Tasmanian Tiger/Thylacine
48%
2011A large herbivore living in Africa, primarily in Cameroon, was hunted to extinction for its prized horn and hide.Western Black Rhinoceros
48%
1914Once the most populous bird species on earth, so numerous that flocks were said to block out the sun for several days, hunted to extinction following a rapid population decline in the late 19th century.Passenger Pigeon
45%
1883A zebra-like animal of South Africa, extinct in the wild by 1878 due to hunting.Quagga
42%
1768A large slow marine mammal discovered in 1741 in the Bering Sea. Within 27 years of discovery it was hunted to complete extinction.Steller's Sea Cow
42%
1627A large cow-like animal of Eurasia, domesticated for thousands of years. It went extinct due to a combination of hunting, destruction of habitat, and exposure to diseases from other cattle.Auroch
32%
1852A species of large flightless marine birds of the North Atlantic, its population was crippled by 'The Little Iceage', and it was then hunted by humans for its feathers.Great Auk
32%
2006An aquatic mammal that went extinct due to industrial effluent, overfishing its prey, boat collisions, and eventually hunting for using its skin in handbags.Baiji River Dolphin
23%
1400sA huge predatory eagle that went extinct when the above bird (its prey) disappearedHaast's eagle
23%
1942A lion species of North Africa, hunted since the time of the Pharaohs.Barbary Lion
23%
Possibly 1600sA huge flightless bird of Madagascar, thought to have been driven to extinction by a combination of hunting and habitat destructionElephant bird
23%
2008A marine mammal hunted since the time of Columbus for its blubber. The last time one was seen alive was in 1952.Caribbean Monk Seal
19%
1870Africa's only native bear species, exploitation by the Romans for sport crippled the population.Atlas Bear
19%
1994A North American bird species that was made endangered by deforestation. The last confirmed sighting was in the 1940s.Ivory-billed Woodpecker
16%
2008A leopard species declared extinct from hunting with the intent to exterminate it for its association with witchcraft, however, one was seen on camera in 2018.Zanzibar Leopard
16%
1894A species of Mink of New England, brutally hunted to extinction for its fur, first described in 1903, 9 years after its extinction.Sea Mink
13%
1876The only land mammal native to the Falkland Islands, a wolf killed by humans since the 1760s as they were seen as a threat to livestock.Warrah
13%
2000A mountain dwelling herbivore whose numbers were decimated by hunting. The last one in known to exist was killed by a falling tree, and attempts to clone the species failed.Pyrenean Ibex
13%
1909A horse species driven to extinction due to hunting and species absorption with domestic horses.Eurasian wild horse/Tarpan
13%
1894A small songbird of New Zealand, driven to a small island by Polynesian Rats, and then hunted to extinction by cats, both species being introduced by humans. For a long time it was wrongly believed a single cat named Tibbles was responsible for hunting the bird to extinction.Lyall's Wren
3%
1903After the Black Rat was introduced to Christmas Island, this native rat species soon went extinct due to disease.Maclear's Rat
3%
1920sA large African herbivore living north of the Sahara Desert, entire herds were wiped out by the French colonial armiesBubal Hartebeest
3%
1939Wallaby species hunted to extinction in the wild for fur and sport, within 85 years of discovery.Toolache Wallaby
3%
1983A bird native to Guam that went extinct following human introduction of the Brown Tree-Snake in the 1940s.Guam Flycatcher
3%
1914This owl species was numerous in New Zealand when European settlers arrived, but was decimated within decades by habitat destruction, introduction of cats and rats, and hunting for use as pets.Laughing Owl
3%
1938A deer species of Thailand, much of its habitat was taken over by rice farms, and then it was intensively hunted for its antlers.Schomburgk’s Deer
0%

Score Distribution

Percentile by Number Answered

Percent of People with Each Score

Your Score History

You have not taken this quiz